Operačný systém ako web CMS (WCM) - Manažment používateľov a používateľských skupín v operačnom systéme cez webové rozhranie
Uložené v:
| Hlavný autor: | |
|---|---|
| Ďalší autori: | |
| Médium: | Rukopis Kniha |
| Jazyk: | Slovak |
| Vydavateľské údaje: |
2024
|
| Predmet: | |
| On-line prístup: | http://is.stuba.sk/zp/portal_zp.pl?podrobnosti=155010 |
| Tagy: |
Žiadne tagy, Buďte prvý, kto otaguje tento záznam!
|
MARC
| LEADER | 00000ntm a22000003a 4500 | ||
|---|---|---|---|
| 001 | stuzp92436 | ||
| 003 | SK-STU | ||
| 005 | 20240615210326.3 | ||
| 007 | ta | ||
| 008 | 150427s2015----xo-----f-mn---000-0-slo-d | ||
| 040 | |a STU |b slo | ||
| 041 | 0 | |a slo | |
| 100 | 1 | |a Kello, Richard |u 070400 |4 aut |U FIIT Fakulta informatiky a informačných technológií |T FIIT Ústav počítačového inžinierstva a aplikovanej informatiky |X 102986 |U I400 |Y 672 |7 102986 | |
| 242 | 0 | 1 | |a Operating system as web CMS (WCM) - Management of users and user groups in the operating system via a web interface |y eng |
| 245 | 1 | 0 | |a Operačný systém ako web CMS (WCM) - Manažment používateľov a používateľských skupín v operačnom systéme cez webové rozhranie |
| 260 | |c 2024 | ||
| 650 | 4 | |a WCMS |2 slo | |
| 650 | 4 | |a Linux |2 slo | |
| 650 | 4 | |a Manažment používateľov |2 slo | |
| 650 | 4 | |a Manažement používateľských skupín |2 slo | |
| 650 | 4 | |a User management |2 eng | |
| 650 | 4 | |a User groups management |2 eng | |
| 650 | 4 | |a WCMS |2 eng | |
| 650 | 4 | |a Linux |2 eng | |
| 700 | 1 | |a Szabó, Gabriel |4 ths |X 22280 |7 A000022280 | |
| 856 | 4 | |u http://is.stuba.sk/zp/portal_zp.pl?podrobnosti=155010 | |